Catalog

Record Details

Catalog Search



Kirchengeschichte der Schweiz , Zweiter Band : Von der Reformation bis zum Zweiten Villmerger Krieg  Cover Image Book Book

Kirchengeschichte der Schweiz , Zweiter Band : Von der Reformation bis zum Zweiten Villmerger Krieg / Rudolf Pfister

Record details

  • ISBN: 3-290-11328-0
  • Physical Description: 756 s. illus., facsims., maps, ports. 24 cm.
  • Publisher: Zürich : Theologischer Verlag, 1964.

Content descriptions

Bibliography, etc. Note:
Bibliographical footnotes.
Subject: Switzerland > Church history.

Available copies

  • 1 of 1 copy available at Common Catalog SPOK.

Holds

  • 0 current holds with 1 total copy.
Show Only Available Copies
Location Call Number / Copy Notes Barcode Shelving Location Status Due Date
ETS Library 274.94 424470015013 Volný výběr Available -

LDR 00911nam a22002891a 4500
00140091
003CZ-PrJAB
00520161111122342.0
008740115s1974 xx e 000 0 ger
010 . ‡a 65084234
020 . ‡a3-290-11328-0
035 . ‡a(CONS)12357
035 . ‡a(DLC) 65084234
040 . ‡aDLC ‡beng ‡cOAkU ‡dDLC
042 . ‡apremarc
05000. ‡aBR1032 ‡b.P4
082 . ‡a274.94
1001 . ‡aPfister, Rudolf, ‡d1909-
24510. ‡aKirchengeschichte der Schweiz , Zweiter Band : ‡bVon der Reformation bis zum Zweiten Villmerger Krieg / ‡c Rudolf Pfister
260 . ‡aZürich : ‡bTheologischer Verlag, ‡c1964.
300 . ‡a756 s. ‡billus., facsims., maps, ports. ‡c24 cm.
504 . ‡aBibliographical footnotes.
651 0. ‡aSwitzerland ‡xChurch history.
8524 . ‡bETS ‡bETS ‡cVolný výběr ‡j274.94 ‡p424470015013 ‡y$50.00
866 0. ‡95 ‡aBd. 1-2
866 0. ‡96 ‡a1
910 . ‡aABG450
999 . ‡a12357 ‡c12357 ‡tbiblio
905 . ‡uadmin
901 . ‡a40091 ‡b ‡c40091 ‡tbiblio ‡sets

Additional Resources